00342cam a22001211 4500040000800000082002600008100001900034245001900053260004300072300006100115650002000176650002400196 cDLC00a947 SIM 1967 A114 Or.1 aPayne, Robert,14aThe fortress / aNew York :bSimon and Schuster,cc1967 a448 p., [16] p. of plates :bill., maps, ports. ;c24 cm 0aRevolutionaries 4aBorowitz Collection